[Event "European Senior Teams Chess Championshi"]
[Site "Rogaska Slatina"]
[Date "2012.04.02"]
[Round "7.1"]
[White "Ivanovic, Bozidar"]
[Black "Vasiukov, Evgeni"]
[Result "1/2-1/2"]
[WhiteElo "2412"]
[BlackElo "2455"]
[PlyCount "24"]
[EventDate "2012.03.27"]
[WhiteTeam "MNE"]
[BlackTeam "RUS 1"]

1. e4 e5 2. Nf3 Nc6 3. Bb5 Nf6 4. d3 Bc5 5. O-O Nd4 6. Nxd4 exd4 7. c3 Bb6 8.
Na3 a6 9. Ba4 Ba7 10. Bb3 d6 11. Nc2 Bg4 12. Qe1 Be6 1/2-1/2

[Event "European Senior Teams Chess Championshi"]
[Site "Rogaska Slatina"]
[Date "2012.04.02"]
[Round "7.1"]
[White "Raicevic, Momcilo"]
[Black "Mishuchkov, Nikolai M"]
[Result "1-0"]
[WhiteElo "2372"]
[BlackElo "2431"]
[PlyCount "52"]
[EventDate "2012.03.27"]
[WhiteTeam "MNE"]
[BlackTeam "RUS 1"]

1. c4 Nf6 2. g3 e6 3. Nf3 d5 4. Bg2 dxc4 5. Qa4+ Nbd7 6. Qxc4 a6 7. d4 b5 8.
Qc2 Bb7 9. O-O c5 10. dxc5 Bxc5 11. Nbd2 Rc8 12. Qd1 O-O 13. Nb3 Be7 14. Bd2
Nc5 15. Ba5 Qxd1 16. Rfxd1 Na4 17. Rd2 Rfe8 18. Rc1 Rxc1+ 19. Nxc1 Ne4 20. Rd1
Bf6 21. Nd2 Nd6 22. Bb4 Bxg2 23. Kxg2 Nc4 24. b3 Nxd2 25. Rxd2 Nb6 26. e4 Nd7 {
unreadable} 1-0

[Event "European Senior Teams Chess Championshi"]
[Site "Rogaska Slatina"]
[Date "2012.04.02"]
[Round "7.2"]
[White "Bhend, Edwin"]
[Black "Turikov, Viktor"]
[Result "1/2-1/2"]
[WhiteElo "2241"]
[BlackElo "2263"]
[PlyCount "116"]
[EventDate "2012.03.27"]
[WhiteTeam "SUI"]
[BlackTeam "RUS - ST. PETERSBURG"]

1. d4 Nf6 2. Nf3 e6 3. e3 b6 4. Bd3 Bb7 5. O-O Be7 6. Nbd2 c5 7. c4 O-O 8. b3
cxd4 9. Nxd4 d6 10. Bb2 Nbd7 11. Be2 a6 12. Rc1 Qc7 13. Bf3 Ne5 14. Bxb7 Qxb7
15. Qe2 Rfc8 16. Nb1 Rab8 17. Nc3 Ne4 18. Nxe4 Qxe4 19. Rfd1 Rd8 20. f3 Qb7 21.
Rc2 Bf8 22. Rcd2 Nd7 23. Ba3 Nc5 24. Nc2 Rdc8 25. e4 b5 26. Bxc5 Rxc5 27. Ne3
Qb6 28. Kh1 Rcc8 29. Rc2 Be7 30. g3 h6 31. Kg2 Bg5 32. Nf1 Rc6 33. h4 Bf6 34.
Rdc1 b4 35. Ne3 Bd4 36. Nd1 a5 37. Nb2 Rbc8 38. Na4 Qa7 39. Qd3 e5 40. Re2 Qe7
41. Rf1 g5 42. h5 Qe6 43. g4 Qf6 44. Qd2 Qe6 45. Qd3 Kg7 46. Rh1 Qe8 47. Qd1
R6c7 48. Rd2 Rc6 49. Rd3 Qd8 50. Rf1 Qe8 51. Rh1 Rb8 52. Rh3 Rb7 53. Rh1 Re7
54. Rd2 Re6 55. Rh3 Rf6 56. Rh1 Qe7 57. Rd3 Qa7 58. Qe2 Rc7 1/2-1/2

[Event "European Senior Teams Chess Championshi"]
[Site "Rogaska Slatina"]
[Date "2012.04.02"]
[Round "7.2"]
[White "Golcman, Evgeny"]
[Black "Hohler, Peter"]
[Result "1-0"]
[WhiteElo "2285"]
[BlackElo "2197"]
[PlyCount "71"]
[EventDate "2012.03.27"]
[WhiteTeam "RUS - ST. PETERSBURG"]
[BlackTeam "SUI"]

1. c4 e5 2. g3 c6 3. Nf3 e4 4. Nd4 d5 5. cxd5 Qxd5 6. e3 Bc5 7. Nc3 Qe5 8. Bg2
Nf6 9. Qc2 Bxd4 10. exd4 Qxd4 11. Nxe4 O-O 12. d3 Nd5 13. Qc4 Qe5 14. O-O Nd7
15. d4 Qc7 16. Bd2 N7b6 17. Qb3 Bf5 18. Nc5 Rab8 19. Rac1 Rfe8 20. a4 Qd6 21.
a5 Nd7 22. Nxb7 Qf6 23. a6 Qxd4 24. Rxc6 Be6 25. Bc3 Nxc3 26. Qxc3 Qxc3 27.
Rxc3 Nf6 28. Re1 Kf8 29. f4 Bd5 30. Rxe8+ Kxe8 31. Rc7 Be6 32. b4 Bd7 33. b5
Bxb5 34. Nd6+ Kf8 35. Rxf7+ Kg8 36. Rb7 1-0

[Event "European Senior Teams Chess Championshi"]
[Site "Rogaska Slatina"]
[Date "2012.04.02"]
[Round "7.3"]
[White "Klundt, Klaus"]
[Black "James, Geoffrey H"]
[Result "1-0"]
[WhiteElo "2378"]
[BlackElo "2215"]
[PlyCount "76"]
[EventDate "2012.03.27"]
[WhiteTeam "GER 1"]
[BlackTeam "ENG 1"]

1. e4 e5 2. Nf3 Nc6 3. Bb5 a6 4. Ba4 d6 5. O-O Bd7 6. c3 g6 7. d4 Bg7 8. Re1
Nge7 9. dxe5 dxe5 10. Be3 O-O 11. Nbd2 h6 12. Bc5 b6 13. Ba3 Re8 14. Nf1 b5 15.
Bc2 Be6 16. Qe2 Na5 17. Red1 Qc8 18. Ne3 c5 19. b3 Rb8 20. Rac1 Qc6 21. c4 b4
22. Bb2 f6 23. Nd5 Qb7 24. Qe3 Rbc8 25. Nh4 Bf7 26. Qf3 Nxd5 27. exd5 f5 28.
Qg3 Kh7 29. Nxf5 gxf5 30. Bxf5+ Kh8 31. Re1 Rcd8 32. f4 Qe7 33. Rxe5 Qf8 34.
Rce1 Nb7 35. Qh4 Kg8 36. R1e3 Nd6 37. Bd3 Rxe5 38. fxe5 Ne8 1-0

[Event "European Senior Teams Chess Championshi"]
[Site "Rogaska Slatina"]
[Date "2012.04.02"]
[Round "7.3"]
[White "Norman, Kenneth I"]
[Black "Haakert, Juergen"]
[Result "0-1"]
[WhiteElo "2175"]
[BlackElo "2394"]
[PlyCount "50"]
[EventDate "2012.03.27"]
[WhiteTeam "ENG 1"]
[BlackTeam "GER 1"]

1. d4 g6 2. c4 f5 3. g3 Bg7 4. Bg2 Nf6 5. Nc3 O-O 6. Nh3 d6 7. d5 c6 8. O-O Bd7
9. Nf4 Na6 10. Rb1 Nc5 11. b4 Nfe4 12. Nxe4 Nxe4 13. Bb2 Nc3 14. Qc2 Nxb1 15.
Bxg7 Kxg7 16. Rxb1 Rc8 17. Qb2+ Kg8 18. dxc6 bxc6 19. b5 Rf6 20. bxc6 Bxc6 21.
Nd5 Rf7 22. Qa3 Qd7 23. Qa6 e6 24. Nf4 Bxg2 25. Nxg2 Qc6 0-1

[Event "European Senior Teams Chess Championshi"]
[Site "Rogaska Slatina"]
[Date "2012.04.02"]
[Round "7.3"]
[White "Clemens, Christian Dr"]
[Black "Yeo, Michael J"]
[Result "1/2-1/2"]
[WhiteElo "2302"]
[BlackElo "2135"]
[PlyCount "35"]
[EventDate "2012.03.27"]
[WhiteTeam "GER 1"]
[BlackTeam "ENG 1"]

1. c4 e5 2. g3 Nc6 3. Bg2 g6 4. Nc3 Bg7 5. e4 d6 6. Nge2 Be6 7. Nd5 Qd7 8. d3
Nce7 9. b3 c6 10. Nxe7 Nxe7 11. Bb2 Bh3 12. Kf1 O-O 13. d4 Qg4 14. Bxh3 Qxh3+
15. Kg1 Rad8 16. Qf1 Qxf1+ 17. Rxf1 exd4 18. Bxd4 1/2-1/2

[Event "European Senior Teams Chess Championshi"]
[Site "Rogaska Slatina"]
[Date "2012.04.02"]
[Round "7.4"]
[White "Danner, Georg"]
[Black "Ofstad, Per"]
[Result "1-0"]
[WhiteElo "2402"]
[BlackElo "2190"]
[PlyCount "71"]
[EventDate "2012.03.27"]
[WhiteTeam "AUT 1"]
[BlackTeam "NOR 1"]

1. d4 d5 2. Nf3 Nf6 3. c4 e6 4. e3 c6 5. Nbd2 Nbd7 6. Bd3 Bd6 7. O-O O-O 8. e4
dxe4 9. Nxe4 Nxe4 10. Bxe4 Re8 11. Bc2 Nf8 12. Qd3 Qe7 13. Re1 Bd7 14. Bd2 Rad8
15. Rad1 Bc8 16. Qe3 b6 17. Ne5 Bb7 18. Bc3 Qh4 19. c5 Bxe5 20. dxe5 Rxd1 21.
Rxd1 Rd8 22. Rd6 bxc5 23. Qxc5 Qg5 24. Rxd8 Qxd8 25. Qxa7 Qd7 26. Bb4 c5 27.
Qxc5 Ng6 28. Qd6 Qc8 29. Qd4 h6 30. Bc3 Qa8 31. Qa4 Qd8 32. Qg4 h5 33. Qd1 Qg5
34. g3 Nh8 35. h4 Qe7 36. Qxh5 1-0

[Event "European Senior Teams Chess Championshi"]
[Site "Rogaska Slatina"]
[Date "2012.04.02"]
[Round "7.4"]
[White "Kristiansen, Erling"]
[Black "Hoelzl, Franz"]
[Result "1-0"]
[WhiteElo "2181"]
[BlackElo "2336"]
[PlyCount "88"]
[EventDate "2012.03.27"]
[WhiteTeam "NOR 1"]
[BlackTeam "AUT 1"]

1. d4 Nf6 2. c4 e6 3. Nc3 Bb4 4. e3 b6 5. Nf3 Bb7 6. Bd2 O-O 7. Bd3 d5 8. cxd5
exd5 9. O-O Nbd7 10. Rc1 c5 11. Nb5 Bxd2 12. Nxd2 Qb8 13. Nc3 Re8 14. Bf5 cxd4
15. exd4 Ba6 16. Re1 Qf4 17. Bxd7 Rxe1+ 18. Qxe1 Nxd7 19. Nxd5 Qxd4 20. Nc7 Rd8
21. Nf3 Qxb2 22. Nxa6 Nf6 23. Nb4 a5 24. Rb1 Qa3 25. Nc6 Re8 26. Qd2 Qc5 27.
Rc1 Qa3 28. Re1 Rxe1+ 29. Nxe1 h6 30. Qd8+ Kh7 31. Qd3+ Qxd3 32. Nxd3 Nd5 33.
Kf1 Kg6 34. Ke1 Kf5 35. Kd2 h5 36. f3 g5 37. Nd4+ Kg6 38. Ne5+ Kf6 39. Nc4 h4
40. Ne3 Ke5 41. Nxd5 Kxd5 42. Kc3 Kc5 43. h3 b5 44. a3 f6 1-0

[Event "European Senior Teams Chess Championshi"]
[Site "Rogaska Slatina"]
[Date "2012.04.02"]
[Round "7.4"]
[White "Wittmann, Walter"]
[Black "Harestad, Thor Geir"]
[Result "1/2-1/2"]
[WhiteElo "2286"]
[BlackElo "2175"]
[PlyCount "41"]
[EventDate "2012.03.27"]
[WhiteTeam "AUT 1"]
[BlackTeam "NOR 1"]

1. e4 c5 2. Nf3 Nc6 3. d4 cxd4 4. Nxd4 Nf6 5. Nc3 d6 6. Bc4 e6 7. Be3 a6 8. Bb3
Be7 9. O-O O-O 10. f4 Qc7 11. Qf3 Bd7 12. f5 Nxd4 13. Bxd4 b5 14. a4 b4 15. Ne2
e5 16. Bf2 Bc6 17. Ng3 Qb7 18. Rfe1 a5 19. Re2 Rad8 20. Rae1 Qd7 21. Rd1
1/2-1/2

[Event "European Senior Teams Chess Championshi"]
[Site "Rogaska Slatina"]
[Date "2012.04.02"]
[Round "7.4"]
[White "Hjertenes, Oystein"]
[Black "Roth, Peter"]
[Result "1/2-1/2"]
[WhiteElo "2115"]
[BlackElo "2262"]
[PlyCount "86"]
[EventDate "2012.03.27"]
[WhiteTeam "NOR 1"]
[BlackTeam "AUT 1"]

1. Nf3 Nf6 2. g3 d6 3. d4 g6 4. Bg2 Bg7 5. O-O O-O 6. c4 c6 7. Nc3 Nbd7 8. b3
e5 9. dxe5 dxe5 10. Bb2 Re8 11. e4 Qc7 12. Qc2 Nc5 13. h3 Nfd7 14. Rad1 Nf8 15.
b4 Nce6 16. Rfe1 Bd7 17. Bf1 Rad8 18. Kh2 Bc8 19. Ne2 Qb6 20. Nc1 Qxb4 21. Nd3
Qa5 22. Bc3 Qc7 23. Bxe5 Bxe5 24. Ndxe5 Rxd1 25. Qxd1 Nc5 26. Qd4 Nfe6 27. Qa1
Ng5 28. Nxg5 Qxe5 29. Qxe5 Rxe5 30. f4 Re8 31. e5 Rd8 32. Nf3 h5 33. Be2 Be6
34. Rb1 Kf8 35. Rb2 Ke7 36. Kg2 Bf5 37. Rd2 Rxd2 38. Nxd2 Na4 39. g4 hxg4 40.
hxg4 Bc2 41. Kf2 Nc3 42. a3 Ke6 43. Nf3 Nxe2 1/2-1/2

[Event "European Senior Teams Chess Championshi"]
[Site "Rogaska Slatina"]
[Date "2012.04.02"]
[Round "7.5"]
[White "Titz, Heimo"]
[Black "Sloth, Jorn"]
[Result "0-1"]
[WhiteElo "2206"]
[BlackElo "2351"]
[PlyCount "76"]
[EventDate "2012.03.27"]
[WhiteTeam "AUT - WIEN 1"]
[BlackTeam "DEN 1"]

1. c4 Nf6 2. g3 c6 3. Nf3 d5 4. b3 Qb6 5. Bg2 e5 6. cxd5 e4 7. Ng5 cxd5 8. Bb2
Be7 9. d4 Nc6 10. O-O h6 11. Nh3 Bf5 12. Qd2 Rd8 13. Rd1 O-O 14. Nc3 Rfe8 15.
Rac1 Qc7 16. Qe1 Qd7 17. Qf1 g5 18. f3 e3 19. Kh1 Bd6 20. Ng1 Kh7 21. Bh3 Kg6
22. Bxf5+ Qxf5 23. Qg2 h5 24. Nh3 Rh8 25. Rf1 Qd7 26. f4 g4 27. f5+ Kg7 28. Nf4
Bxf4 29. Rxf4 Rde8 30. h4 Rc8 31. Qg1 Rhe8 32. Qd1 Ne7 33. Qd3 Rc6 34. Qxe3 Ng6
35. Qf2 Nxf4 36. Qxf4 Kh7 37. Qd2 Qe7 38. Qg5 Qe3 0-1

[Event "European Senior Teams Chess Championshi"]
[Site "Rogaska Slatina"]
[Date "2012.04.02"]
[Round "7.5"]
[White "Sorensen, Bent"]
[Black "Opl, Klaus"]
[Result "0-1"]
[WhiteElo "2312"]
[BlackElo "2287"]
[PlyCount "74"]
[EventDate "2012.03.27"]
[WhiteTeam "DEN 1"]
[BlackTeam "AUT - WIEN 1"]

1. Nf3 Nf6 2. g3 g6 3. b3 Bg7 4. Bb2 O-O 5. Bg2 d6 6. d4 Nbd7 7. Nbd2 e5 8.
dxe5 Ng4 9. O-O Ndxe5 10. Nd4 c5 11. Nb5 d5 12. h3 Nh6 13. e4 d4 14. f4 a6 15.
Na3 Nc6 16. g4 f5 17. gxf5 gxf5 18. e5 Be6 19. Nac4 Rb8 20. Nd6 Kh8 21. Nxb7
Rxb7 22. Bxc6 Rc7 23. Bg2 Rg8 24. Nf3 Bd5 25. c3 Bf8 26. Rc1 Rxg2+ 27. Kxg2 Qh4
28. Rf2 Rg7+ 29. Kf1 Qxh3+ 30. Ke1 Ng4 31. Ng5 Qe3+ 32. Qe2 Nxf2 33. Qxe3 dxe3
34. Ke2 c4 35. Kxe3 Bc5+ 36. Ke2 h6 37. Nf3 Nd3 0-1

[Event "European Senior Teams Chess Championshi"]
[Site "Rogaska Slatina"]
[Date "2012.04.02"]
[Round "7.5"]
[White "Dueckstein, Andreas"]
[Black "Rosenlund, Thorbjorn"]
[Result "1-0"]
[WhiteElo "2221"]
[BlackElo "2286"]
[PlyCount "63"]
[EventDate "2012.03.27"]
[WhiteTeam "AUT - WIEN 1"]
[BlackTeam "DEN 1"]

1. e4 e5 2. Nf3 Nc6 3. Bb5 d6 4. d4 Bd7 5. Nc3 Nf6 6. O-O exd4 7. Nxd4 Be7 8.
Re1 Nxd4 9. Qxd4 Bxb5 10. Nxb5 O-O 11. c4 Ng4 12. Bf4 Bf6 13. Qd2 a6 14. Nc3
Bxc3 15. Qxc3 Re8 16. Rad1 Qe7 17. h3 Ne5 18. Rd5 c6 19. Rd2 Rad8 20. Be3 Qe6
21. b3 Qg6 22. Bd4 f6 23. f3 Rd7 24. Red1 Nf7 25. Bf2 f5 26. exf5 Qxf5 27. Bg3
Qg5 28. Kh2 h5 29. Qd4 Qg6 30. Rd3 Qg5 31. Qf4 Qxf4 32. Bxf4 {unreadable} 1-0

[Event "European Senior Teams Chess Championshi"]
[Site "Rogaska Slatina"]
[Date "2012.04.02"]
[Round "7.5"]
[White "Kolbak, Jens"]
[Black "Strobel, Ferdinand"]
[Result "1/2-1/2"]
[WhiteElo "2278"]
[BlackElo "2129"]
[PlyCount "26"]
[EventDate "2012.03.27"]
[WhiteTeam "DEN 1"]
[BlackTeam "AUT - WIEN 1"]

1. Nf3 f5 2. d4 Nf6 3. c4 g6 4. g3 Bg7 5. Bg2 d6 6. O-O O-O 7. Nc3 Nc6 8. d5
Na5 9. Nd2 c5 10. Rb1 e5 11. a3 b6 12. b4 Nb7 13. e4 f4 1/2-1/2

[Event "European Senior Teams Chess Championshi"]
[Site "Rogaska Slatina"]
[Date "2012.04.02"]
[Round "7.7"]
[White "Watzka, Horst"]
[Black "Donchenko, Anatoly"]
[Result "1/2-1/2"]
[WhiteElo "2253"]
[BlackElo "2376"]
[PlyCount "35"]
[EventDate "2012.03.27"]
[WhiteTeam "AUT - STEIERMARK"]
[BlackTeam "GER - HESSEN"]

1. e4 c5 2. Nf3 e6 3. d4 cxd4 4. Nxd4 Nf6 5. Nc3 d6 6. Be2 a6 7. f4 Qc7 8. Bf3
h5 9. Qe2 Nbd7 10. Be3 Rb8 11. Bf2 Be7 12. O-O g6 13. Rfe1 e5 14. Nd5 Nxd5 15.
exd5 Nf6 16. Nb3 Kf8 17. g3 Kg7 18. c3 1/2-1/2

[Event "European Senior Teams Chess Championshi"]
[Site "Rogaska Slatina"]
[Date "2012.04.02"]
[Round "7.7"]
[White "Isserman, Ryhor"]
[Black "Nickl, Klaus"]
[Result "1-0"]
[WhiteElo "2309"]
[BlackElo "2162"]
[PlyCount "145"]
[EventDate "2012.03.27"]
[WhiteTeam "GER - HESSEN"]
[BlackTeam "AUT - STEIERMARK"]

1. e4 e5 2. Nf3 Nc6 3. Bb5 a6 4. Ba4 Nf6 5. O-O Be7 6. Re1 b5 7. Bb3 d6 8. c3
O-O 9. h3 Na5 10. Bc2 c5 11. d4 Qc7 12. Nbd2 cxd4 13. cxd4 Nc6 14. d5 Nb4 15.
Bb1 a5 16. a3 Na6 17. b4 axb4 18. axb4 Qc3 19. Nb3 Qxb4 20. Bd3 Nc7 21. Rxa8
Nxa8 22. Bd2 Qa4 23. Qc2 Qa7 24. Ra1 Qb8 25. Bb4 Re8 26. Qa2 Nc7 27. Qa7 Bd7
28. Qxb8 Rxb8 29. Nxe5 dxe5 30. Bxe7 Nfe8 31. Nc5 Bc8 32. d6 Ne6 33. d7 Bxd7
34. Nxd7 Rb7 35. Ra8 f6 36. Rxe8+ Kf7 37. Nc5 Nxc5 38. Bxc5 Kxe8 39. Bb4 Kd7
40. Kf1 Kc6 41. Ke2 Ra7 42. Kd2 Ra4 43. Kc3 Ra2 44. Bc2 h5 45. Bf8 Ra7 46. Bb3
h4 47. Bd5+ Kb6 48. Kb4 Ra4+ 49. Kb3 Ra7 50. g3 hxg3 51. fxg3 g5 52. Be6 Ra4
53. Bf5 Rd4 54. Be7 Rd3+ 55. Kb4 Rxg3 56. Bxf6 Rg1 57. Bxe5 Rb1+ 58. Kc3 Kc5
59. Bd4+ Kc6 60. e5 Rc1+ 61. Kd2 Rc4 62. Kd3 Kd5 63. Be4+ Ke6 64. Bf3 Ra4 65.
Ke4 b4 66. Bg4+ Ke7 67. Bd1 Ra3 68. Bc5+ Kf7 69. Bh5+ Kg7 70. e6 Rxh3 71. e7
Rxh5 72. e8=Q Rh4+ 73. Kf5 1-0

[Event "European Senior Teams Chess Championshi"]
[Site "Rogaska Slatina"]
[Date "2012.04.02"]
[Round "7.7"]
[White "Kratschmer, Heinz"]
[Black "Haubt, Georg"]
[Result "1-0"]
[WhiteElo "2164"]
[BlackElo "2215"]
[PlyCount "115"]
[EventDate "2012.03.27"]
[WhiteTeam "AUT - STEIERMARK"]
[BlackTeam "GER - HESSEN"]

1. d4 f5 2. Nc3 g6 3. e4 fxe4 4. Nxe4 Bg7 5. Nf3 Nf6 6. Bd3 O-O 7. O-O b6 8.
Bg5 Bb7 9. Re1 Na6 10. c3 Qc8 11. Ne5 d5 12. Nd2 c5 13. Bxg6 hxg6 14. Nxg6 Qg4
15. Qxg4 Nxg4 16. Nxf8 Bxf8 17. Bxe7 cxd4 18. cxd4 Nb4 19. Bxf8 Kxf8 20. f3 Nh6
21. Re6 Nf7 22. Rc1 Rc8 23. Rxc8+ Bxc8 24. Re3 Bf5 25. g4 Bh7 26. Rc3 Nxa2 27.
Ra3 Nc1 28. Rxa7 Ne2+ 29. Kf2 Nxd4 30. Rd7 Ne6 31. Rxd5 Nc5 32. Ke3 Ke7 33. Nc4
Nd7 34. f4 Bc2 35. Rb5 Nd6 36. Nxd6 Kxd6 37. h4 Bd1 38. Rg5 Nf6 39. Rg6 Ke7 40.
g5 Nd5+ 41. Kd4 Nxf4 42. Rxb6 Ng2 43. Rh6 Bb3 44. Ke5 Kf7 45. Rf6+ Kg7 46. h5
Ne3 47. Rc6 Nd5 48. Rc5 Ne7 49. Rc7 Kf8 50. Rd7 Ke8 51. Rd2 Kf7 52. Rd7 Ke8 53.
Rb7 Bd1 54. h6 Bc2 55. Kf6 Nd5+ 56. Kg7 Nf4 57. h7 Ne6+ 58. Kh6 1-0

[Event "European Senior Teams Chess Championshi"]
[Site "Rogaska Slatina"]
[Date "2012.04.02"]
[Round "7.8"]
[White "Strutinskaya, Galina N"]
[Black "Ager, Josef"]
[Result "1-0"]
[WhiteElo "2273"]
[BlackElo "2195"]
[PlyCount "78"]
[EventDate "2012.03.27"]
[WhiteTeam "RUS 2"]
[BlackTeam "AUT - NIEDEROSTERREICH"]

1. d4 Nf6 2. c4 g6 3. Nc3 Bg7 4. e4 d6 5. Nge2 O-O 6. Ng3 e5 7. d5 c5 8. Be2
Na6 9. O-O Nc7 10. a3 Nfe8 11. Rb1 f5 12. exf5 gxf5 13. f4 e4 14. Be3 Nf6 15.
Nh1 Kh8 16. Nf2 Rg8 17. Kh1 Qe8 18. Rg1 h5 19. g3 Ng4 20. Nxg4 hxg4 21. Kg2 Bf6
22. Rh1 Kg7 23. Qd2 Rh8 24. h3 gxh3+ 25. Rxh3 Rxh3 26. Kxh3 Bd7 27. Kg2 Qg6 28.
Rh1 Rh8 29. Rxh8 Kxh8 30. Nd1 Qg7 31. Qa5 Na6 32. Bd2 Qf8 33. Be3 Qc8 34. Qe1
Kg7 35. Bd2 Nc7 36. Bc3 b5 37. Bxf6+ Kxf6 38. Qa5 Qb8 39. Qc3+ Kg6 1-0

[Event "European Senior Teams Chess Championshi"]
[Site "Rogaska Slatina"]
[Date "2012.04.02"]
[Round "7.8"]
[White "Woeber, Friedrich"]
[Black "Saunina, Ludmila"]
[Result "1/2-1/2"]
[WhiteElo "2175"]
[BlackElo "2300"]
[PlyCount "45"]
[EventDate "2012.03.27"]
[WhiteTeam "AUT - NIEDEROSTERREICH"]
[BlackTeam "RUS 2"]

1. e4 g6 2. d4 Bg7 3. Nf3 d6 4. Bc4 Nf6 5. Qe2 c6 6. e5 dxe5 7. dxe5 Nd5 8. O-O
O-O 9. Nbd2 a5 10. a4 Na6 11. Nb3 Qc7 12. h3 Qb6 13. Bd2 Nac7 14. Rad1 Ne6 15.
Qe1 Nb4 16. Qe4 Re8 17. Be3 Qc7 18. c3 Na6 19. Rd2 Rd8 20. Rfd1 Rxd2 21. Rxd2
c5 22. Bd5 Rb8 23. Bc4 1/2-1/2

[Event "European Senior Teams Chess Championshi"]
[Site "Rogaska Slatina"]
[Date "2012.04.02"]
[Round "7.8"]
[White "Fatalibekova, Elena"]
[Black "Winiwarter, Felix"]
[Result "1/2-1/2"]
[WhiteElo "2276"]
[BlackElo "2162"]
[PlyCount "42"]
[EventDate "2012.03.27"]
[WhiteTeam "RUS 2"]
[BlackTeam "AUT - NIEDEROSTERREICH"]

1. d4 Nf6 2. Nf3 g6 3. c4 Bg7 4. Nc3 O-O 5. Bg5 d6 6. e3 c6 7. h3 Nbd7 8. Be2
e5 9. Qc2 Qc7 10. O-O Re8 11. Rac1 Nf8 12. dxe5 dxe5 13. b4 Be6 14. Nd2 N6d7
15. c5 a5 16. a3 axb4 17. axb4 b6 18. cxb6 Qxb6 19. Rb1 f5 20. Nc4 Qc7 21. Rfd1
Reb8 1/2-1/2

[Event "European Senior Teams Chess Championshi"]
[Site "Rogaska Slatina"]
[Date "2012.04.02"]
[Round "7.8"]
[White "Bukacek, Emil"]
[Black "Miednikova, Swietlana"]
[Result "1/2-1/2"]
[WhiteElo "2155"]
[BlackElo "2183"]
[PlyCount "46"]
[EventDate "2012.03.27"]
[WhiteTeam "AUT - NIEDEROSTERREICH"]
[BlackTeam "RUS 2"]

1. e4 e6 2. d4 d5 3. Nd2 c5 4. exd5 Qxd5 5. Ngf3 cxd4 6. Bc4 Qd6 7. O-O Nc6 8.
Nb3 Nf6 9. Nbxd4 Nxd4 10. Nxd4 a6 11. Bb3 Qc7 12. Qf3 Bd6 13. h3 O-O 14. Bg5
Nd7 15. c3 Ne5 16. Qe2 Ng6 17. Rad1 Bh2+ 18. Kh1 Bf4 19. Nf3 b5 20. Bc2 Bb7 21.
Be4 Bxe4 22. Qxe4 Bxg5 23. Nxg5 Qf4 1/2-1/2

[Event "European Senior Teams Chess Championshi"]
[Site "Rogaska Slatina"]
[Date "2012.04.02"]
[Round "7.9"]
[White "Westerinen, Heikki M J"]
[Black "Rooze, Jan"]
[Result "1/2-1/2"]
[WhiteElo "2325"]
[BlackElo "2325"]
[PlyCount "42"]
[EventDate "2012.03.27"]
[WhiteTeam "FIN 1"]
[BlackTeam "BEL"]

1. e4 c5 2. Nf3 e6 3. Nc3 a6 4. g3 b5 5. Bg2 Bb7 6. d4 cxd4 7. Nxd4 Nf6 8. O-O
b4 9. Na4 Bxe4 10. Bxe4 Nxe4 11. Re1 Nc5 12. c4 Nxa4 13. Qxa4 Be7 14. Bf4 O-O
15. Rad1 Qc8 16. Nf5 exf5 17. Rxe7 Qxc4 18. Re5 Nc6 19. Red5 a5 20. Rxd7 Rac8
21. b3 Qe2 1/2-1/2

[Event "European Senior Teams Chess Championshi"]
[Site "Rogaska Slatina"]
[Date "2012.04.02"]
[Round "7.9"]
[White "Schrickx, Frank"]
[Black "Morant, Paul"]
[Result "1/2-1/2"]
[WhiteElo "1874"]
[BlackElo "2167"]
[PlyCount "67"]
[EventDate "2012.03.27"]
[WhiteTeam "BEL"]
[BlackTeam "FIN 1"]

1. e4 e6 2. d4 d5 3. Nd2 dxe4 4. Nxe4 Nf6 5. Bg5 Be7 6. Nxf6+ gxf6 7. Be3 Nd7
8. Nf3 f5 9. Qd3 Bf6 10. g3 b6 11. Bg2 Bb7 12. O-O-O Be4 13. Qe2 Qe7 14. Ne1
Bxg2 15. Nxg2 O-O 16. g4 fxg4 17. Qxg4+ Kh8 18. Rhg1 Rg8 19. Qe2 c5 20. dxc5
bxc5 21. Nf4 Rgb8 22. c3 Rb7 23. Nh5 Rab8 24. Rxd7 Rxd7 25. Nxf6 Qxf6 26. Bxc5
e5 27. Qg4 Qg6 28. Qxd7 Qxg1+ 29. Kc2 Qg6+ 30. Kc1 Qg1+ 31. Kc2 Qg4 32. b4 Qe4+
33. Kb2 Kg7 34. Qe7 1/2-1/2

[Event "European Senior Teams Chess Championshi"]
[Site "Rogaska Slatina"]
[Date "2012.04.02"]
[Round "7.10"]
[White "Ashby, Anthony C"]
[Black "Malmdin, Nils-Ake"]
[Result "1/2-1/2"]
[WhiteElo "2129"]
[BlackElo "2306"]
[PlyCount "106"]
[EventDate "2012.03.27"]
[WhiteTeam "ENG 2"]
[BlackTeam "SWE 1"]

1. c4 g6 2. Nc3 Bg7 3. e4 c5 4. g3 Nc6 5. Bg2 a6 6. Nge2 Rb8 7. O-O d6 8. h3 b5
9. d3 Bd7 10. Rb1 e6 11. Bf4 b4 12. Na4 e5 13. Be3 h5 14. b3 h4 15. f4 hxg3 16.
f5 gxf5 17. exf5 Qh4 18. Qe1 Nd4 19. Bxd4 cxd4 20. Qxg3 Qxg3 21. Nxg3 Nf6 22.
Rbe1 Bh6 23. Nb2 Ke7 24. Ne4 Be3+ 25. Kh1 Rbg8 26. Nd1 Nxe4 27. dxe4 Bf4 28.
Rf3 Bc6 29. Re2 Rh4 30. Rd3 a5 31. Kg1 Bg3 32. Kf1 Bf4 33. Nf2 Ra8 34. Ng4 Rhh8
35. Nf2 a4 36. Rb2 Rhb8 37. Rd1 axb3 38. axb3 Ra3 39. Nd3 Be3 40. Rdb1 f6 41.
Re2 Be8 42. Bf3 Bf7 43. Rc2 Rg8 44. Bg4 Rb8 45. Bf3 Kd7 46. Ke2 Raa8 47. Kf1
Ra3 48. Ke2 Rh8 49. Bg4 Rb8 50. Bf3 Bg5 51. Rcb2 Be3 52. Rc2 Kc7 53. Kf1 Kd7
1/2-1/2

[Event "European Senior Teams Chess Championshi"]
[Site "Rogaska Slatina"]
[Date "2012.04.02"]
[Round "7.10"]
[White "Wahlbom, Magnus"]
[Black "Habershon, Paul F"]
[Result "1-0"]
[WhiteElo "2291"]
[BlackElo "2122"]
[PlyCount "179"]
[EventDate "2012.03.27"]
[WhiteTeam "SWE 1"]
[BlackTeam "ENG 2"]

1. d4 Nf6 2. c4 e6 3. Nc3 c5 4. d5 exd5 5. cxd5 d6 6. Nf3 g6 7. Bf4 a6 8. a4
Bg7 9. e3 O-O 10. Be2 Bg4 11. O-O Qe7 12. Re1 Nbd7 13. h3 Bxf3 14. Bxf3 Ne5 15.
Be2 Nfd7 16. Bg3 f5 17. Qc2 Rae8 18. a5 Qd8 19. Kh1 Nf6 20. f4 Nf7 21. Bf2 Re7
22. Ra2 Rfe8 23. Bf3 Qd7 24. Rg1 Kh8 25. Qa4 Qc8 26. Qc4 g5 27. fxg5 Nxg5 28.
Qf4 Nge4 29. Bh4 Re5 30. Nxe4 Nxe4 31. Ra4 Qd7 32. Raa1 Rxd5 33. Rad1 Rde5 34.
Rgf1 d5 35. g4 Qe6 36. Bxe4 Rxe4 37. Qxf5 Qxf5 38. Rxf5 Rxe3 39. Bf2 Rxh3+ 40.
Kg2 Rb3 41. Rfxd5 Rxb2 42. Rxc5 Rf8 43. Rf5 Rxf5 44. gxf5 Bc3 45. Kf3 Rb5 46.
Rd8+ Kg7 47. Ke4 Re5+ 48. Kf4 Re7 49. Rd5 Bf6 50. Bc5 Rc7 51. Kg4 Bc3 52. Bb6
Rf7 53. Bd8 Kf8 54. Bb6 Bf6 55. Be3 Ke8 56. Bb6 Rd7 57. Rc5 Ke7 58. Rc2 Be5 59.
Kg5 Kf7 60. Re2 Bf6+ 61. Kg4 Re7 62. Rh2 Kg8 63. Rc2 Rg7+ 64. Kf4 h5 65. Rc8+
Kh7 66. Bd8 Rg4+ 67. Kf3 Bxd8 68. Rxd8 Rb4 69. Kg3 Kg7 70. Rd6 h4+ 71. Kh3 Kf7
72. Rh6 Ke7 73. Rxh4 Rb3+ 74. Kg4 Rb5 75. Kg5 Kd6 76. Ra4 Ke7 77. Kg6 Rb1 78.
Re4+ Kf8 79. Rc4 Ke7 80. f6+ Ke6 81. Re4+ Kd7 82. Kf7 Rd1 83. Rb4 Kc6 84. Ke8
Re1+ 85. Kf8 Re5 86. f7 Rxa5 87. Rf4 Rd5 88. Ke8 Re5+ 89. Kd8 Rd5+ 90. Kc8 1-0